00487nam a2200133Ia 4500008004100000041000800041082002000049100007400069245003400143260008000177300000700257365001500264700007400279230719s9999 xx 000 0 und d aeng a342.540853bNAB aNational Association For The Blind Sir Jamshedji Duggan Braille Press aRight To Information Act 1995 c2009bNational Association For The Blind Sir Jamshedji Duggan Braille Press a23 cRs.b48.00 aNational Association For The Blind Sir Jamshedji Duggan Braille Press